000 01001nam a2200253Ia 4500
003 CO-CtgCURN
005 20250410233335.0
008 190726s2003 xx g 000 0 spa d
020 _a9589029655
040 _aCO-CtgCURN
_bspa
_ccoctgcurn
082 _a923.2
_bA185
100 _aAcosta Borrero, Pedro
_91421
245 0 _aLópez Pumarejo, en marcha hacia su revolución /
_cPedro Acosta Borrero
260 _aBogotá, Colombia :
_bUniversidad Jorge Tadeo Lozano,
_c2003
300 _a326 páginas ;
_c23 centímetros
521 _aAREA BASICA
590 _aTodos los programas acádemicos
600 _aLópez Pumarejo, Alfonso
_d1886-1959
_xPresidente
_zColombia
_91422
600 _aLópez Pumarejo, Alfonso
_d1886-1959
_xPensamiento político
_zColombia
_91423
650 _aPresidente
_vBiografías
_zColombia
_91424
650 _aReformas constitucionales
_zColombia
_91425
942 _cBK
_h923.2
_iA185
_2ddc
_n0
999 _c30405
_d30405